La circulation des modèles normatifs (notice n° 2162197)
[ vue normale ]
| 000 -LEADER | |
|---|---|
| fixed length control field | 01543cam a2200145 4500500 |
| 005 - DATE AND TIME OF LATEST TRANSACTION | |
| control field | 20260405033458.0 |
| 041 ## - LANGUAGE CODE | |
| Language code of text/sound track or separate title | fre |
| 042 ## - AUTHENTICATION CODE | |
| Authentication code | dc |
| 100 10 - MAIN ENTRY--PERSONAL NAME | |
| Personal name | Bourgues, Paul |
| Relator term | author |
| 245 00 - TITLE STATEMENT | |
| Title | La circulation des modèles normatifs |
| 260 ## - PUBLICATION, DISTRIBUTION, ETC. | |
| Name of publisher, distributor, etc. | Presses universitaires de Grenoble,<br/> |
| Date of publication, distribution, etc. | 2018.<br/> |
| 520 ## - SUMMARY, ETC. | |
| Summary, etc. | Une approche comparative de différents systèmes juridiques étrangers.Ce livre étudie la faculté qu’a un modèle normatif à s’exporter et s’implanter dans d’autres systèmes juridiques, mais aussi la façon dont un ordre juridique peut intégrer à son tour un modèle dont il n’est pas le créateur. Pour ce faire, il s’appuie sur différentes branches du droit, notamment le droit de l’ONU, le droit de la procédure civile, le droit de l’Union européenne ou encore l’histoire du droit et le droit constitutionnel. Plusieurs exemples sont étudiés, notamment celui des réfugiés, dont l’afflux massif en Europe a soulevé plusieurs questions de nature juridique sur le statut et les droits dont jouissent ces migrants.Cet ouvrage rassemble les contributions de chercheurs issus des trois spécialités des sciences juridiques: droit privé et sciences criminelles, droit public et histoire du droit.Ont contribué à cet ouvrage: Zérah Brémond, Léa Dubois, Philippe Flory, Albane Geslin, Aurélie Mure, JulieRocheton, Mehdi Taboui. |
| 700 10 - ADDED ENTRY--PERSONAL NAME | |
| Personal name | Montagne, Camille |
| Relator term | author |
| 856 41 - ELECTRONIC LOCATION AND ACCESS | |
| Uniform Resource Identifier | <a href="https://shs.cairn.info/la-circulation-des-modeles-normatifs--9782706126987?lang=fr&redirect-ssocas=7080">https://shs.cairn.info/la-circulation-des-modeles-normatifs--9782706126987?lang=fr&redirect-ssocas=7080</a> |
Pas d'exemplaire disponible.




Réseaux sociaux